| 000 | 00826aam a2200277 a 4500 | ||
|---|---|---|---|
| 999 |
_c891 _d891 |
||
| 001 | 31003546 | ||
| 003 | OCoLC | ||
| 005 | 20180829185246.0 | ||
| 008 | 941014s1994 cou b 000 0 eng | ||
| 010 | _a94219070 | ||
| 020 | _a0891097902 | ||
| 040 |
_aDLC _cDLC _dMAL |
||
| 050 | 0 | 0 |
_aBT704 _b.H43 1994 |
| 082 | 0 | 0 |
_a248.8 _220 _bH434B |
| 092 |
_a248.843 _bH34bp |
||
| 100 | 1 | _aHeald, Cynthia. | |
| 245 | 1 | 0 |
_aBecoming a woman of purpose : _ba bible study / _cby Cynthia Heald. |
| 246 | 1 | 4 | _aA bible study on becoming a woman of purpose |
| 260 |
_aColorado Springs, Colo. : _bNavPress, _cc1994. |
||
| 300 |
_a105 p. ; _c22 cm. |
||
| 504 | _aIncludes bibliographical references (p. 97-101). | ||
| 630 | 0 | 0 |
_aBible _xStudy and teaching. |
| 650 | 0 |
_aWomen _xBiblical teaching. |
|
| 650 | 0 | _aChristian life. | |
| 942 |
_2ddc _cBK |
||